[Event "2021 FIDE Online Olympiad"]
[Site "Chess.com"]
[Date "2021.08.28"]
[Round "4.5"]
[White "Eyetonghan, Denyefa Callistus"]
[Black "Mwape, Mwewa"]
[Result "0-1"]
[WhiteElo "2014"]
[BlackElo "1798"]
[PlyCount "70"]
[EventDate "2021.08.27"]
[EventType "team"]
[EventRounds "9"]
[SourceVersionDate "2018.05.14"]
[WhiteTeam "Nigeria"]
[BlackTeam "Zambia"]
[WhiteTeamCountry "NGR"]
[BlackTeamCountry "ZAM"]

1. d4 Nf6 2. c4 c5 3. e3 e6 4. Nf3 cxd4 5. exd4 b6 6. Nc3 Bb7 7. a3 d5 8. cxd5
Nxd5 9. Bb5+ Nc6 10. Qa4 Rc8 11. Ne5 Qc7 12. Nxd5 exd5 13. Bf4 Bd6 14. Rc1 O-O
15. O-O Bxe5 16. dxe5 Qd7 17. Ba6 Bxa6 18. Qxa6 Nd4 19. Rfd1 Ne6 20. Be3 d4 21.
h3 Rxc1 22. Bxc1 h6 23. Qd3 Rd8 24. f4 Nc5 25. Qc4 a5 26. b3 d3 27. Be3 Qd5 28.
Qxd5 Rxd5 29. b4 axb4 30. axb4 Na4 31. Kf1 Nb2 32. Bxb6 Nxd1 33. Ke1 Nc3 34.
Kd2 Ne4+ 35. Kd1 d2 0-1

[Event "2021 FIDE Online Olympiad"]
[Site "Chess.com"]
[Date "2021.08.28"]
[Round "4.6"]
[White "Bwalya Mulwale, Lubuuto"]
[Black "Pelomoh, Jessica"]
[Result "1-0"]
[WhiteElo "1702"]
[BlackElo "1737"]
[PlyCount "97"]
[EventDate "2021.08.27"]
[EventType "team"]
[EventRounds "9"]
[SourceVersionDate "2018.05.14"]
[WhiteTeam "Zambia"]
[BlackTeam "Nigeria"]
[WhiteTeamCountry "ZAM"]
[BlackTeamCountry "NGR"]

1. d4 Nf6 2. c4 g6 3. Nc3 Bg7 4. Nf3 d5 5. e3 Bg4 6. Be2 c6 7. O-O O-O 8. h3
Bxf3 9. Bxf3 dxc4 10. Qe2 Nbd7 11. Qxc4 Rc8 12. Rd1 Nb6 13. Qe2 Nbd5 14. e4
Nxc3 15. bxc3 Qc7 16. Bg5 Rcd8 17. Rac1 Rfe8 18. c4 h6 19. Bh4 b6 20. d5 cxd5
21. cxd5 Qb7 22. Bxf6 exf6 23. Qc4 Rd7 24. Qc6 a6 25. Rc2 Qxc6 26. Rxc6 Rb7 27.
Rdc1 a5 28. d6 Bf8 29. Rc7 Reb8 30. e5 fxe5 31. Rxb7 Rxb7 32. Bxb7 Bxd6 33. Rc6
Bc5 34. a4 Kg7 35. Rc7 Kf8 36. Bd5 f5 37. Rf7+ Ke8 38. Rh7 Bf8 39. Bf7+ Ke7 40.
Bxg6+ Kf6 41. Be8 Kg5 42. g3 f4 43. h4+ Kg4 44. Bd7+ Kf3 45. Rf7 Bc5 46. gxf4
Bxf2+ 47. Kf1 Bxh4 48. fxe5+ Ke4 49. e6 1-0

[Event "2021 FIDE Online Olympiad"]
[Site "Chess.com"]
[Date "2021.08.28"]
[Round "4.1"]
[White "Mohamed Saeed, Laily"]
[Black "Khaled.A, Hemaid"]
[Result "0-1"]
[WhiteElo "1591"]
[BlackElo "1928"]
[PlyCount "124"]
[EventDate "2021.08.27"]
[EventType "team"]
[EventRounds "9"]
[SourceVersionDate "2018.05.14"]
[WhiteTeam "United Arab Emirates"]
[BlackTeam "Palestine"]
[WhiteTeamCountry "UAE"]
[BlackTeamCountry "PLE"]

1. d4 Nf6 2. Nc3 d5 3. Bf4 Bf5 4. e3 c6 5. f3 Bg6 6. g4 h6 7. h4 e6 8. h5 Bh7
9. Bd3 Bd6 10. Nge2 Qe7 11. Bxh7 Nxh7 12. Ng3 Nd7 13. Qe2 O-O-O 14. O-O-O Ng5
15. Bxd6 Qxd6 16. f4 Nh7 17. Qf3 Kb8 18. e4 dxe4 19. Ngxe4 Qc7 20. Ng3 Nhf6 21.
Nce4 Nd5 22. Rhf1 Rhf8 23. c4 f5 24. gxf5 exf5 25. Nc3 Nxc3 26. Qxc3 Nf6 27.
Rde1 Qd7 28. Rd1 Rfe8 29. Qd3 Ne4 30. d5 Qf7 31. Nxe4 Rxe4 32. Qb3 Rde8 33.
dxc6 Qxc4+ 34. Qxc4 Rxc4+ 35. Kb1 Rxc6 36. Rd7 Rc7 37. Rfd1 Kc8 38. R7d5 Rf8
39. Re1 b6 40. Ree5 Rcf7 41. b4 Kc7 42. b5 Rd7 43. Rxf5 Rxd5 44. Rxf8 Rxb5+ 45.
Kc2 Rd5 46. Rf7+ Rd7 47. Rf5 Kc6 48. Kc3 a5 49. Re5 Kd6 50. a4 Rf7 51. Rb5 Kc6
52. f5 Re7 53. Kd4 Re1 54. Re5 Rxe5 55. Kxe5 b5 56. axb5+ Kxb5 57. Ke6 a4 58.
Kf7 a3 59. Kxg7 a2 60. f6 a1=Q 61. Kg6 Kc6 62. f7 Qh8 0-1

[Event "2021 FIDE Online Olympiad"]
[Site "Chess.com"]
[Date "2021.08.28"]
[Round "4.2"]
[White "Alqwasma, Mohamed"]
[Black "Khalifah, Khaled"]
[Result "1/2-1/2"]
[WhiteElo "1732"]
[BlackElo "1555"]
[PlyCount "79"]
[EventDate "2021.08.27"]
[EventType "team"]
[EventRounds "9"]
[SourceVersionDate "2018.05.14"]
[WhiteTeam "Palestine"]
[BlackTeam "United Arab Emirates"]
[WhiteTeamCountry "PLE"]
[BlackTeamCountry "UAE"]

1. e4 c5 2. Nf3 a6 3. d3 Nc6 4. g3 e5 5. Bg2 d6 6. O-O Nf6 7. Nc3 Be7 8. a4 O-O
9. h3 h6 10. Be3 Bd7 11. Nd2 Nd4 12. Nd5 Nxd5 13. exd5 f5 14. c3 f4 15. cxd4
fxe3 16. fxe3 exd4 17. exd4 cxd4 18. Nf3 Qb6 19. Qe2 Rae8 20. Qf2 Bf6 21. Kh2
Qc5 22. Nd2 Bg5 23. Nf3 Be3 24. Qe1 Bg1+ 25. Nxg1 Rxe1 26. Rfxe1 Rf2 27. Re2
Rxe2 28. Nxe2 Qc2 29. Nf4 Qxb2 30. Rf1 Bxa4 31. Ne6 Bb3 32. Kg1 Qxg2+ 33. Kxg2
Bxd5+ 34. Kf2 Bxe6 35. h4 g6 36. Rc1 Bd5 37. Rc7 Bc6 38. Ke2 a5 39. Kd2 a4 40.
Kc2 1/2-1/2

[Event "2021 FIDE Online Olympiad"]
[Site "Chess.com"]
[Date "2021.08.28"]
[Round "4.3"]
[White "Fatima, Saif Al-Ali"]
[Black "Taqwa, Hamouri"]
[Result "0-1"]
[WhiteElo "1313"]
[BlackElo "1116"]
[PlyCount "50"]
[EventDate "2021.08.27"]
[EventType "team"]
[EventRounds "9"]
[SourceVersionDate "2018.05.14"]
[WhiteTeam "United Arab Emirates"]
[BlackTeam "Palestine"]
[WhiteTeamCountry "UAE"]
[BlackTeamCountry "PLE"]

1. e4 d6 2. d4 Nf6 3. Nc3 g6 4. f3 Bg7 5. Be3 c6 6. Qd2 b5 7. Bd3 h5 8. h4 Nbd7
9. Nh3 e5 10. Ng5 b4 11. Ne2 c5 12. dxc5 dxc5 13. Bc4 O-O 14. O-O-O Qa5 15. c3
Ba6 16. cxb4 cxb4 17. Bb3 Rac8+ 18. Kb1 Nc5 19. Bxc5 Rxc5 20. Rc1 Qb6 21. Rhf1
Rd8 22. Bxf7+ Kh8 23. Qe1 Rxc1+ 24. Kxc1 Qe3+ 25. Kb1 Bxe2 0-1

[Event "2021 FIDE Online Olympiad"]
[Site "Chess.com"]
[Date "2021.08.28"]
[Round "4.4"]
[White "Faqeeh, Rahaf"]
[Black "Latifah, Darmaki"]
[Result "0-1"]
[WhiteElo "1444"]
[BlackElo "1299"]
[PlyCount "132"]
[EventDate "2021.08.27"]
[EventType "team"]
[EventRounds "9"]
[SourceVersionDate "2018.05.14"]
[WhiteTeam "Palestine"]
[BlackTeam "United Arab Emirates"]
[WhiteTeamCountry "PLE"]
[BlackTeamCountry "UAE"]

1. c4 e5 2. Nc3 f5 3. g3 Nf6 4. Bg2 Bc5 5. e3 O-O 6. Nge2 Nc6 7. a3 a5 8. O-O
Ba7 9. Rb1 d6 10. b4 axb4 11. axb4 Ne7 12. d4 Be6 13. Bxb7 Rb8 14. Ba6 c6 15.
dxe5 dxe5 16. c5 Ned5 17. Bc4 Kh8 18. Ba3 Nxc3 19. Qxd8 Rfxd8 20. Bxe6 Nxe2+
21. Kg2 Nc3 22. Rb3 Ncd5 23. Bxf5 Bxc5 24. b5 Bxa3 25. Rxa3 cxb5 26. Rd1 b4 27.
Rad3 b3 28. R3d2 b2 29. Kg1 Kg8 30. Bb1 Kf7 31. Ba2 b1=Q 32. Bxb1 Ke7 33. Ba2
Nc3 34. Rxd8 Rxd8 35. Rxd8 Kxd8 36. Bc4 Kc7 37. Kg2 Kc6 38. Kf3 Kc5 39. Bd3 e4+
40. Bxe4 Ncxe4 41. h3 Kc4 42. g4 Kd3 43. h4 Nxf2 44. Kxf2 Nxg4+ 45. Kg3 Nxe3
46. Kf4 Kd4 47. h5 Ng2+ 48. Kg5 Ke5 49. h6 g6 50. Kg4 Nf4 51. Kg5 Ne2 52. Kg4
Kf6 53. Kh4 Kf5 54. Kh3 Kg5 55. Kg2 Kxh6 56. Kf3 Kg5 57. Kxe2 h5 58. Kf3 h4 59.
Kg2 Kg4 60. Kh2 h3 61. Kh1 Kg3 62. Kg1 g5 63. Kh1 g4 64. Kg1 Kf3 65. Kh2 g3+
66. Kg1 g2 0-1

[Event "2021 FIDE Online Olympiad"]
[Site "Chess.com"]
[Date "2021.08.28"]
[Round "4.5"]
[White "Al Darmaky, Sultan"]
[Black "Mohamad, Seder"]
[Result "0-1"]
[WhiteElo "1588"]
[BlackElo "1699"]
[PlyCount "72"]
[EventDate "2021.08.27"]
[EventType "team"]
[EventRounds "9"]
[SourceVersionDate "2018.05.14"]
[WhiteTeam "United Arab Emirates"]
[BlackTeam "Palestine"]
[WhiteTeamCountry "UAE"]
[BlackTeamCountry "PLE"]

1. d4 Nf6 2. c4 g6 3. Nc3 Bg7 4. e4 d6 5. h3 O-O 6. Bg5 h6 7. Be3 e5 8. d5 Na6
9. Qd2 Nxe4 10. Nxe4 f5 11. Bxh6 Qh4 12. Bxg7 Qxe4+ 13. Be2 Kxg7 14. Nf3 f4 15.
O-O-O Bf5 16. Bd3 Qxd3 17. Qxd3 Bxd3 18. Rxd3 e4 19. Ng5 exd3 20. Ne6+ Kf6 21.
Nxf8 Rxf8 22. Kd2 Nc5 23. Re1 a5 24. b3 Kf7 25. Kc3 Re8 26. Rxe8 Kxe8 27. f3
Kf7 28. a3 d2 29. Kxd2 Nxb3+ 30. Kd3 Nc5+ 31. Kd4 g5 32. Kc3 Kg6 33. Kd2 Kh5
34. Ke2 Kh4 35. Kf2 Nd3+ 36. Ke2 Ne5 0-1

[Event "2021 FIDE Online Olympiad"]
[Site "Chess.com"]
[Date "2021.08.28"]
[Round "4.6"]
[White "Sawan, Eman"]
[Black "Rouda Essa, Alserkal"]
[Result "1/2-1/2"]
[WhiteElo "1000"]
[BlackElo "1295"]
[PlyCount "153"]
[EventDate "2021.08.27"]
[EventType "team"]
[EventRounds "9"]
[SourceVersionDate "2018.05.14"]
[WhiteTeam "Palestine"]
[BlackTeam "United Arab Emirates"]
[WhiteTeamCountry "PLE"]
[BlackTeamCountry "UAE"]

1. e4 e5 2. Nf3 Nc6 3. d4 exd4 4. Bc4 Bc5 5. c3 Nf6 6. cxd4 Bb4+ 7. Bd2 Nxe4 8.
Bxb4 Nxb4 9. Qb3 d5 10. Qxb4 dxc4 11. Qxc4 O-O 12. O-O Be6 13. Qc2 Bd5 14. Re1
Re8 15. Nc3 Nxc3 16. Qxc3 Rxe1+ 17. Rxe1 c6 18. Nd2 Qg5 19. Nf3 Qf4 20. Ne5 Rd8
21. Qa5 b6 22. Qxa7 Qxd4 23. Qe7 Rc8 24. Nf3 Qc5 25. Qxc5 bxc5 26. a3 Rb8 27.
h3 Kf8 28. Re2 Rb3 29. Ne5 Be6 30. Nxc6 Rb6 31. Ne5 f6 32. Ng4 Kf7 33. Rc2 c4
34. Ne3 Rc6 35. Rc3 f5 36. f4 Kf6 37. b3 Rb6 38. Nxc4 Bxc4 39. bxc4 Ke6 40. Rd3
Rc6 41. Rd4 Ra6 42. c5 Rxa3 43. Rd6+ Ke7 44. Rb6 Rc3 45. Rb7+ Kf6 46. Rb6+ Ke7
47. c6 Kd6 48. Rb7 g6 49. Rxh7 Rxc6 50. Rh8 Kd5 51. Kf2 Ke4 52. g3 Rc2+ 53. Ke1
Kf3 54. Rg8 Rc6 55. g4 fxg4 56. hxg4 Kxg4 57. Kf2 Kxf4 58. Rf8+ Kg4 59. Kg1 g5
60. Rf2 Rc1+ 61. Kg2 Kh4 62. Ra2 g4 63. Rd2 Rc4 64. Rb2 Rc3 65. Rd2 Rg3+ 66.
Kh2 Rh3+ 67. Kg2 Re3 68. Rb2 Re4 69. Rd2 Rf4 70. Rb2 g3 71. Re2 Kg4 72. Rd2 Re4
73. Rc2 Rd4 74. Re2 Kf4 75. Rb2 Re4 76. Rd2 Rc4 77. Ra2 1/2-1/2

[Event "2021 FIDE Online Olympiad"]
[Site "Chess.com"]
[Date "2021.08.28"]
[Round "4.1"]
[White "Silva, David"]
[Black "Jankunas, Tomas"]
[Result "1-0"]
[WhiteElo "2321"]
[BlackElo "2037"]
[PlyCount "43"]
[EventDate "2021.08.27"]
[EventType "team"]
[EventRounds "9"]
[SourceVersionDate "2018.05.14"]
[WhiteTeam "Angola"]
[BlackTeam "ICCD"]
[WhiteTeamCountry "ANG"]

1. e4 e5 2. Nf3 Nf6 3. Nxe5 d6 4. Nf3 Nxe4 5. Nc3 Nxc3 6. dxc3 Be7 7. Bf4 Nc6
8. Qd2 Be6 9. O-O-O Qd7 10. Qe3 a6 11. h4 h6 12. Nd4 Nxd4 13. cxd4 d5 14. Qg3
O-O-O 15. Qxg7 Qa4 16. Kb1 Rhg8 17. Qe5 Bd6 18. Qe3 Bf5 19. Bd3 Bxd3 20. Rxd3
Rxg2 21. Bxd6 Rxd6 22. Qh3+ 1-0

[Event "2021 FIDE Online Olympiad"]
[Site "Chess.com"]
[Date "2021.08.28"]
[Round "4.2"]
[White "Pokotaiev, Vladyslav"]
[Black "Miguel, Sergio"]
[Result "0-1"]
[WhiteElo "1849"]
[BlackElo "2179"]
[PlyCount "80"]
[EventDate "2021.08.27"]
[EventType "team"]
[EventRounds "9"]
[SourceVersionDate "2018.05.14"]
[WhiteTeam "ICCD"]
[BlackTeam "Angola"]
[BlackTeamCountry "ANG"]

1. e4 e5 2. Nf3 Nc6 3. d4 exd4 4. Bc4 Nf6 5. e5 d5 6. Bb5 Ne4 7. Nxd4 Bd7 8.
Bxc6 bxc6 9. O-O Bc5 10. f3 Ng5 11. f4 Ne4 12. Be3 Bb6 13. c3 O-O 14. Nd2 c5
15. N4b3 c4 16. Nd4 c5 17. Ne2 Nxd2 18. Qxd2 Bf5 19. Ng3 Bd3 20. Rfe1 d4 21.
Bf2 Qd5 22. a4 Ba5 23. Rac1 Rfe8 24. Qd1 Rab8 25. Qg4 Rxb2 26. f5 Kh8 27. Nh5
Rg8 28. e6 Bxf5 29. Qh4 fxe6 30. Nf4 Qd8 31. Qg3 Qf6 32. Nh5 Qf7 33. Qf3 Bxc3
34. Red1 e5 35. Ng3 Bg6 36. Qxf7 Bxf7 37. Ne4 Bb4 38. Nd6 Bd5 39. Bg3 Rxg2+ 40.
Kf1 Rf8+ 0-1

[Event "2021 FIDE Online Olympiad"]
[Site "Chess.com"]
[Date "2021.08.28"]
[Round "4.3"]
[White "Caxita, Esperanca"]
[Black "von Erichsen, Annegret"]
[Result "1/2-1/2"]
[WhiteElo "1837"]
[BlackElo "1998"]
[PlyCount "67"]
[EventDate "2021.08.27"]
[EventType "team"]
[EventRounds "9"]
[SourceVersionDate "2018.05.14"]
[WhiteTeam "Angola"]
[BlackTeam "ICCD"]
[WhiteTeamCountry "ANG"]

1. e4 c5 2. Nc3 Nc6 3. f4 g6 4. Nf3 Bg7 5. d3 e6 6. Be2 Nge7 7. O-O O-O 8. Be3
Nd4 9. e5 Nef5 10. Bf2 d5 11. g4 Nxf3+ 12. Bxf3 Nd4 13. Bxd4 cxd4 14. Ne2 Qb6
15. Rb1 f6 16. exf6 Bxf6 17. Ng3 Bh4 18. Bg2 Qd6 19. Qd2 Bxg3 20. hxg3 Bd7 21.
Rbe1 Rae8 22. Kh2 Qc7 23. Rf2 Rc8 24. g5 Qb6 25. b3 Rc3 26. Ree2 Rfc8 27. Qe1
R8c6 28. Bxd5 exd5 29. Re8+ Bxe8 30. Qxe8+ Kg7 31. Qe7+ Kg8 32. Qe8+ Kg7 33.
Qe7+ Kg8 34. Qe8+ 1/2-1/2

[Event "2021 FIDE Online Olympiad"]
[Site "Chess.com"]
[Date "2021.08.28"]
[Round "4.6"]
[White "Yashaswi, K."]
[Black "Antonio, Renelsa Taiane"]
[Result "0-1"]
[WhiteElo "1101"]
[BlackElo "1088"]
[PlyCount "150"]
[EventDate "2021.08.27"]
[EventType "team"]
[EventRounds "9"]
[SourceVersionDate "2018.05.14"]
[WhiteTeam "ICCD"]
[BlackTeam "Angola"]
[BlackTeamCountry "ANG"]

1. e4 e5 2. Nf3 Nc6 3. Bc4 h6 4. O-O Nf6 5. d3 Be7 6. Nc3 O-O 7. h3 d6 8. Be3
Be6 9. Bxe6 fxe6 10. d4 exd4 11. Nxd4 Nxd4 12. Bxd4 e5 13. Be3 b6 14. a4 Kh8
15. Qd2 Kh7 16. a5 a6 17. axb6 cxb6 18. Qe2 a5 19. Bd2 Qc7 20. Rfc1 Rfd8 21.
Nd5 Nxd5 22. exd5 Qc5 23. Qe4+ Kg8 24. Be3 Qc7 25. Qg6 Kh8 26. Ra4 Rf8 27. Bxh6
Bf6 28. Bg5 Bxg5 29. Qxg5 Rf6 30. Rh4+ Kg8 31. Rg4 Raf8 32. Qe3 Rxf2 33. Qxf2
Rxf2 34. Kxf2 Qc5+ 35. Kf1 Qxd5 36. Re1 Qb5+ 37. Kg1 Qxb2 38. Re2 Qc1+ 39. Kh2
Qd1 40. Rge4 Kf7 41. Rf2+ Kg8 42. Rc4 Qd5 43. Rc8+ Kh7 44. Rc7 Kg6 45. c4 Qe6
46. Rc6 e4 47. Rxb6 Qe5+ 48. g3 Qc5 49. Rfb2 Kf6 50. R6b5 Qd4 51. Rb6 Ke6 52.
R6b5 a4 53. Re2 Qxc4 54. Rbb2 d5 55. Rbc2 Qd3 56. Rcd2 Qa6 57. Ra2 Ke5 58. h4
a3 59. Kh3 Qe6+ 60. Kg2 Qa6 61. Kh2 d4 62. Kh3 d3 63. Re1 Qe6+ 64. Kg2 Qxa2+
65. Kh1 d2 66. Rd1 Qc2 67. Rg1 a2 68. g4 e3 69. g5 a1=R 70. Rxa1 d1=R+ 71. Rxd1
Qxd1+ 72. Kg2 e2 73. h5 e1=Q 74. h6 Qg1+ 75. Kh3 Qh5# 0-1

[Event "2021 FIDE Online Olympiad"]
[Site "Chess.com"]
[Date "2021.08.28"]
[Round "5.1"]
[White "Jankunas, Tomas"]
[Black "Ermeni, Avni"]
[Result "1-0"]
[WhiteElo "2037"]
[BlackElo "2201"]
[PlyCount "51"]
[EventDate "2021.08.27"]
[EventType "team"]
[EventRounds "9"]
[SourceVersionDate "2018.05.14"]
[WhiteTeam "ICCD"]
[BlackTeam "Kosovo"]
[BlackTeamCountry "KOS"]

1. e4 e5 2. Nf3 Nc6 3. Nc3 Nf6 4. d4 exd4 5. Nxd4 Bb4 6. Nxc6 bxc6 7. Bd3 O-O
8. O-O h6 9. e5 Bxc3 10. bxc3 Nd5 11. Bxh6 gxh6 12. f4 f5 13. exf6 Qxf6 14. Rf3
d6 15. Rg3+ Kh8 16. Rg6 Qxf4 17. Qh5 Bf5 18. Rxh6+ Kg8 19. Rg6+ Kf7 20. Rg4+
Ke7 21. Rxf4 Nxf4 22. Qg5+ Rf6 23. Bxf5 Raf8 24. Re1+ Kd8 25. g3 Nd5 26. Re6
1-0

[Event "2021 FIDE Online Olympiad"]
[Site "Chess.com"]
[Date "2021.08.28"]
[Round "5.2"]
[White "Bardhi, Valmor"]
[Black "Pokotaiev, Vladyslav"]
[Result "1-0"]
[WhiteElo "2171"]
[BlackElo "1849"]
[PlyCount "72"]
[EventDate "2021.08.27"]
[EventType "team"]
[EventRounds "9"]
[SourceVersionDate "2018.05.14"]
[WhiteTeam "Kosovo"]
[BlackTeam "ICCD"]
[WhiteTeamCountry "KOS"]

1. e4 c6 2. d4 d5 3. Nd2 dxe4 4. Nxe4 Nf6 5. Ng5 h6 6. N5f3 e6 7. Bc4 Nbd7 8.
Ne2 Bd6 9. Bf4 Bxf4 10. Nxf4 Qb6 11. Bb3 Qc7 12. Nd3 O-O 13. Qe2 b6 14. h3 c5
15. dxc5 bxc5 16. Nde5 a5 17. Bc4 Nb6 18. Bb5 Bb7 19. O-O a4 20. Rfd1 a3 21. b3
Nbd5 22. Qe1 Nb4 23. Bd3 Rfd8 24. c3 Nxd3 25. Rxd3 Rxd3 26. Nxd3 c4 27. bxc4
Qxc4 28. Nde5 Qc5 29. Rb1 Be4 30. Nd7 Qf5 31. Nd4 Qd5 32. Nxf6+ gxf6 33. Rb5
Qxa2 34. Qxe4 Qa1+ 35. Rb1 Qxc3 36. Qxa8+ Kg7 1-0

[Event "2021 FIDE Online Olympiad"]
[Site "Chess.com"]
[Date "2021.08.28"]
[Round "5.3"]
[White "von Erichsen, Annegret"]
[Black "Saraci, Ndriqona"]
[Result "1-0"]
[WhiteElo "1998"]
[BlackElo "1225"]
[PlyCount "97"]
[EventDate "2021.08.27"]
[EventType "team"]
[EventRounds "9"]
[SourceVersionDate "2018.05.14"]
[WhiteTeam "ICCD"]
[BlackTeam "Kosovo"]
[BlackTeamCountry "KOS"]

1. Nc3 d5 2. e4 d4 3. Nce2 e5 4. Ng3 Be6 5. Nf3 f6 6. Be2 Qd7 7. O-O Bd6 8. d3
Nc6 9. c3 O-O-O 10. Nh4 g6 11. a3 Nge7 12. c4 Nb8 13. b4 c5 14. b5 Bc7 15. a4
b6 16. Bd2 a5 17. bxa6 Nxa6 18. Qb1 f5 19. exf5 Nxf5 20. Nhxf5 gxf5 21. a5 bxa5
22. Bxa5 Bxa5 23. Rxa5 Qd6 24. Qb5 Nc7 25. Qxc5 Qxc5 26. Rxc5 e4 27. Nxf5 Bxf5
28. Rxf5 exd3 29. Bxd3 Rhf8 30. Rxf8 Rxf8 31. Bxh7 Kd7 32. Rd1 Ne6 33. Bc2 Kd6
34. Be4 Kc5 35. Bd5 Nf4 36. Kf1 d3 37. g3 Nxd5 38. cxd5 Kxd5 39. Rxd3+ Ke4 40.
Re3+ Kd4 41. Kg2 Rg8 42. h4 Rg6 43. h5 Rg5 44. h6 Rh5 45. Re6 Kd5 46. Ra6 Ke4
47. Ra4+ Kd3 48. Rh4 Rf5 49. h7 1-0

[Event "2021 FIDE Online Olympiad"]
[Site "Chess.com"]
[Date "2021.08.28"]
[Round "5.4"]
[White "Saraci, Rinesa"]
[Black "Nuserova, Almash"]
[Result "1-0"]
[WhiteElo "1184"]
[BlackElo "1245"]
[PlyCount "75"]
[EventDate "2021.08.27"]
[EventType "team"]
[EventRounds "9"]
[SourceVersionDate "2018.05.14"]
[WhiteTeam "Kosovo"]
[BlackTeam "ICCD"]
[WhiteTeamCountry "KOS"]

1. e4 c5 2. Nf3 Nc6 3. d4 cxd4 4. Nxd4 g6 5. Nc3 Bg7 6. Ndb5 Nf6 7. Bd2 O-O 8.
Bc4 a6 9. Na3 b5 10. Bxb5 axb5 11. Naxb5 Ba6 12. Qf3 Qb6 13. a4 Bxb5 14. Nxb5
Nd4 15. Nxd4 Qxd4 16. Bc3 Qxe4+ 17. Qxe4 Nxe4 18. Bxg7 Kxg7 19. O-O Rfc8 20. c3
Rc4 21. a5 d5 22. f3 Nc5 23. Ra3 e6 24. b4 Nd3 25. Rd1 Nf4 26. Kf2 Kf6 27. a6
g5 28. b5 Rc5 29. b6 Rxa6 30. Rxa6 Rb5 31. g3 Rb2+ 32. Ke3 Nh5 33. Rd4 Ng7 34.
Rb4 Nf5+ 35. Kd3 Rxh2 36. b7 Nxg3 37. b8=Q Nf5 38. Qxh2 1-0

[Event "2021 FIDE Online Olympiad"]
[Site "Chess.com"]
[Date "2021.08.28"]
[Round "5.5"]
[White "Ramirez Ramirez, Anderson"]
[Black "Dobraj, Bleron"]
[Result "1-0"]
[WhiteElo "1730"]
[BlackElo "1879"]
[PlyCount "91"]
[EventDate "2021.08.27"]
[EventType "team"]
[EventRounds "9"]
[SourceVersionDate "2018.05.14"]
[WhiteTeam "ICCD"]
[BlackTeam "Kosovo"]
[BlackTeamCountry "KOS"]

1. d4 d5 2. c4 c6 3. cxd5 cxd5 4. Nc3 e6 5. a3 Nc6 6. Nf3 h6 7. e3 Nf6 8. Bb5
Bd6 9. O-O O-O 10. b4 Bd7 11. Bb2 Re8 12. Bxc6 bxc6 13. Ne5 a5 14. bxa5 Rxa5
15. Qd2 c5 16. f4 cxd4 17. exd4 Ra8 18. a4 Bb4 19. Qd3 Bxc3 20. Bxc3 Rxa4 21.
Rxa4 Bxa4 22. Ra1 Bd7 23. Ra7 Qc8 24. Bb4 Qc1+ 25. Qf1 Rc8 26. Bc5 Qe3+ 27. Qf2
Qxf2+ 28. Kxf2 Ne4+ 29. Ke3 Nxc5 30. dxc5 Bb5 31. Kd4 Be8 32. Rb7 f6 33. Nd3
Ra8 34. Nb4 Ra4 35. f5 Bc6 36. Rb6 e5+ 37. Kc3 Ba8 38. c6 Ra5 39. Na6 Kf7 40.
Kb4 Ra1 41. Kc5 d4 42. Nb4 Rc1+ 43. Kd5 e4 44. Kxd4 Ke7 45. Rb7+ Kd6 46. Rd7#
1-0

[Event "2021 FIDE Online Olympiad"]
[Site "Chess.com"]
[Date "2021.08.28"]
[Round "5.6"]
[White "Recica, Jona"]
[Black "Yashaswi, K."]
[Result "1-0"]
[WhiteElo "1000"]
[BlackElo "1101"]
[PlyCount "75"]
[EventDate "2021.08.27"]
[EventType "team"]
[EventRounds "9"]
[SourceVersionDate "2018.05.14"]
[WhiteTeam "Kosovo"]
[BlackTeam "ICCD"]
[WhiteTeamCountry "KOS"]

1. e4 c5 2. Nf3 d6 3. d4 cxd4 4. Nxd4 Nc6 5. Nc3 g6 6. Bc4 Bg7 7. Nb3 Nf6 8.
O-O O-O 9. Bg5 Ne5 10. Be2 a6 11. f4 Nc6 12. Qd2 h6 13. Bh4 Qc7 14. Bxf6 exf6
15. Nd5 Qd8 16. f5 Ne7 17. fxg6 fxg6 18. Bc4 Kh7 19. Rf3 b5 20. Be2 Nxd5 21.
Qxd5 Bg4 22. Re3 Bxe2 23. Rxe2 f5 24. exf5 Rxf5 25. Qb7 Kg8 26. Re7 Qf8 27.
Rxg7+ Qxg7 28. Qxa8+ Kh7 29. Qxa6 Qxb2 30. Qb7+ Kg8 31. Re1 Qxc2 32. Re8+ Rf8
33. Qd5+ Kh7 34. Rxf8 Qb1+ 35. Rf1 Qxa2 36. Qf7+ Kh8 37. Qf8+ Kh7 38. Rf7# 1-0

[Event "2021 FIDE Online Olympiad"]
[Site "Chess.com"]
[Date "2021.08.28"]
[Round "5.1"]
[White "Khaled.A, Hemaid"]
[Black "Silva, David"]
[Result "0-1"]
[WhiteElo "1928"]
[BlackElo "2321"]
[PlyCount "86"]
[EventDate "2021.08.27"]
[EventType "team"]
[EventRounds "9"]
[SourceVersionDate "2018.05.14"]
[WhiteTeam "Palestine"]
[BlackTeam "Angola"]
[WhiteTeamCountry "PLE"]
[BlackTeamCountry "ANG"]

1. e4 c5 2. Nf3 Nc6 3. b4 cxb4 4. d4 d5 5. exd5 Qxd5 6. c4 bxc3 7. Nxc3 Qa5 8.
d5 Qxc3+ 9. Bd2 Qf6 10. dxc6 bxc6 11. Be2 g6 12. O-O Bg7 13. Rc1 Qd6 14. Qa4
Bd7 15. Rfd1 Nf6 16. Bh6 Bxh6 17. Rxd6 exd6 18. Re1 O-O 19. Qd4 Nd5 20. Bc4 Be6
21. h4 Bg7 22. Qd1 Nc3 23. Qd3 d5 24. Bb3 Bf5 25. Qe3 Be4 26. Nd4 c5 27. Qxc3
Bxd4 28. Qd2 a5 29. h5 a4 30. Bc2 Bxc2 31. Qxc2 Rfb8 32. Rb1 a3 33. hxg6 hxg6
34. Rxb8+ Rxb8 35. Qa4 Bb2 36. Qc6 c4 37. Qxd5 c3 38. Qc4 Rd8 39. Qe2 Kf8 40.
Qc4 Rd2 41. Qc5+ Kg8 42. Qc8+ Kg7 43. Kh2 c2 0-1

[Event "2021 FIDE Online Olympiad"]
[Site "Chess.com"]
[Date "2021.08.28"]
[Round "5.2"]
[White "Dias, Vanderson"]
[Black "Yazan Abo, Khalaf"]
[Result "1-0"]
[WhiteElo "2178"]
[BlackElo "1638"]
[PlyCount "69"]
[EventDate "2021.08.27"]
[EventType "team"]
[EventRounds "9"]
[SourceVersionDate "2018.05.14"]
[WhiteTeam "Angola"]
[BlackTeam "Palestine"]
[WhiteTeamCountry "ANG"]
[BlackTeamCountry "PLE"]

1. e4 d5 2. exd5 Nf6 3. d4 Bg4 4. Be2 Bxe2 5. Nxe2 Qxd5 6. O-O Nc6 7. b3 O-O-O
8. c4 Qh5 9. Bb2 e6 10. Nd2 g5 11. d5 Bd6 12. Ng3 Qxd1 13. Raxd1 Ne5 14. c5
Nxd5 15. cxd6 cxd6 16. Nc4 f6 17. Rfe1 b5 18. Nxe5 dxe5 19. Ne4 Rhe8 20. Rc1+
Kb8 21. Nxf6 Nxf6 22. Bxe5+ Kb7 23. Bxf6 Rd2 24. a4 h6 25. axb5 Rf8 26. Rxe6 g4
27. Bh4 h5 28. Rce1 Rf5 29. h3 Rxb5 30. hxg4 hxg4 31. Re7+ Kc8 32. Rxa7 Kb8 33.
Rg7 Rxb3 34. Re8+ Rd8 35. Rxd8# 1-0

[Event "2021 FIDE Online Olympiad"]
[Site "Chess.com"]
[Date "2021.08.28"]
[Round "5.3"]
[White "Taqwa, Hamouri"]
[Black "Junior, Ednasia"]
[Result "1-0"]
[WhiteElo "1116"]
[BlackElo "1768"]
[PlyCount "127"]
[EventDate "2021.08.27"]
[EventType "team"]
[EventRounds "9"]
[SourceVersionDate "2018.05.14"]
[WhiteTeam "Palestine"]
[BlackTeam "Angola"]
[WhiteTeamCountry "PLE"]
[BlackTeamCountry "ANG"]

1. e4 c5 2. Nc3 e6 3. Nf3 a6 4. g3 d6 5. Bg2 Nf6 6. d3 Be7 7. h3 Qc7 8. Be3 Nc6
9. Qd2 b5 10. Nd1 Bb7 11. c3 h6 12. O-O O-O 13. Nh4 Nh7 14. Nf3 f5 15. Re1 fxe4
16. dxe4 Na5 17. Qc2 Nc4 18. Bf4 e5 19. Bc1 Rf7 20. b3 Nb6 21. Ne3 Bc8 22. Nf5
Bxf5 23. exf5 Re8 24. g4 Bf6 25. h4 Qd8 26. h5 Ng5 27. Be3 Nxf3+ 28. Bxf3 Bg5
29. Rad1 Bxe3 30. Rxe3 Qf6 31. Red3 Rd8 32. a4 Re7 33. Be4 Ra7 34. a5 Nc8 35.
Bd5+ Kh7 36. Be6 Qe7 37. Rxd6 Nxd6 38. f6+ Kh8 39. fxe7 Rxe7 40. Bf5 e4 41. Re1
Nxf5 42. gxf5 Rde8 43. Kg2 Re5 44. Kg3 Rxf5 45. Rxe4 Rg5+ 46. Kf3 Rf8+ 47. Rf4
Rd8 48. Qe4 Rxh5 49. Qe7 Rg8 50. Rf8 Rh3+ 51. Kg4 Rxc3 52. Rxg8+ Kxg8 53. Qe8+
Kh7 54. Qe4+ Kg8 55. Qa8+ Kh7 56. Qxa6 Rxb3 57. Qe6 c4 58. a6 Ra3 59. Qf5+ Kg8
60. Qxb5 c3 61. Qc4+ Kh8 62. f4 c2 63. Qxc2 Rxa6 64. Qc8+ 1-0